Statistics for Biggest Present Day Countries in 1600 by Population

Click here to take the quiz!

General Stats

  • This quiz has been taken 133 times
  • The average score is 17 of 25

Answer Stats

PopPresent Day Country% Correct
160MChina
98%
115MIndia
96%
20MFrance
95%
14MRussia
92%
5MUK
92%
18MJapan
91%
29MSpain
90%
20MItaly
88%
26MTurkey
85%
3MIran
79%
7MPoland
75%
2MThailand
74%
5MAustria
69%
4MVietnam
69%
1MSweden
68%
9MSouth Korea
66%
1MNetherlands
65%
1MNorway
58%
2MMorocco
52%
2MEthiopia
51%
800kIreland
46%
35kSaudi Arabia
36%
2MMyanmar
34%
319kLaos
32%
2MNepal
29%

Score Distribution

Percentile by Number Answered

Percent of People with Each Score

Your Score History

You have not taken this quiz